| 000 | 01086nam a2200277Ia 4500 | ||
|---|---|---|---|
| 003 | OSt | ||
| 005 | 20221005102804.0 | ||
| 006 | a|||||r|||| 00| 0 | ||
| 007 | ta | ||
| 008 | 221004b |||||||| |||| 00| 0 hin d | ||
| 020 |
_a9788172018498 (hbk) _cINR 500.00 |
||
| 024 | _a36535 | ||
| 037 |
_bBW/1663, 14/03/2018, Bookwell _cTextual |
||
| 040 |
_aCRL _cCRL _bhin |
||
| 041 |
_2hin _ahin |
||
| 082 | _aO157,1M61x, 152Q7 | ||
| 100 |
_aबंधोपाध्याय, असित कुमार, ले. _9623600 |
||
| 245 | 0 | _aरवीन्द्र रचना संचयन | |
| 246 | _aRavīndra rachanā sanchayana | ||
| 260 |
_aंनई _bदिल्ली साहित्य अकादेमी भारत _c2017 |
||
| 300 |
_a820पृ0 _ccm. |
||
| 650 | _a बंगाली साहित्य | ||
| 650 | _aबंगाली कविता | ||
| 942 |
_hO157,1M61x, 152Q7 _cTEXL _2cc |
||
| 999 |
_c1008953 _d1008953 |
||